| 000 -LEADER |
| fixed length control field |
00788nam a22002297a 4500 |
| 005 - DATE AND TIME OF LATEST TRANSACTION |
| control field |
20241127155602.0 |
| 008 - FIXED-LENGTH DATA ELEMENTS--GENERAL INFORMATION |
| fixed length control field |
241127b ||||| |||| 00| 0 eng d |
| 020 ## - INTERNATIONAL STANDARD BOOK NUMBER |
| International Standard Book Number |
9781405288958 |
| 040 ## - CATALOGING SOURCE |
| Transcribing agency |
KH8 |
| 082 ## - DEWEY DECIMAL CLASSIFICATION NUMBER |
| Classification number |
794.8 MIL |
| 100 ## - MAIN ENTRY--PERSONAL NAME |
| Personal name |
Milton, Stephanie |
| Relator term |
Author |
| 245 ## - TITLE STATEMENT |
| Title |
Minecraft: Guide to Enchantments & Potions |
| Statement of responsibility, etc. |
Stephanie Milton |
| 260 ## - PUBLICATION, DISTRIBUTION, ETC. |
| Place of publication, distribution, etc. |
London, |
| Name of publisher, distributor, etc. |
Egmont UK Limited, |
| Date of publication, distribution, etc. |
2018 |
| 300 ## - PHYSICAL DESCRIPTION |
| Extent |
1 volume |
| Dimensions |
; 21 cm |
| 440 ## - SERIES STATEMENT/ADDED ENTRY--TITLE |
| Title |
Minecraft essential handbook |
| 520 ## - SUMMARY, ETC. |
| Summary, etc. |
In Minecraft, danger lurks around every corner and you'll need powerful tools and equipment if you want to survive. The official Minecraft Guide |
| 521 ## - TARGET AUDIENCE NOTE |
| Source |
Handbook |
| 650 ## - SUBJECT ADDED ENTRY--TOPICAL TERM |
| Topical term or geographic name entry element |
Recreational and performing arts |
| 650 ## - SUBJECT ADDED ENTRY--TOPICAL TERM |
| Topical term or geographic name entry element |
Arts & recreation |
| 650 ## - SUBJECT ADDED ENTRY--TOPICAL TERM |
| Topical term or geographic name entry element |
Recreation |
| 942 ## - ADDED ENTRY ELEMENTS (KOHA) |
| Source of classification or shelving scheme |
|
| Koha item type |
Books - Non Ficton |